| 000 | 00394cam a2200157ua 4500 | ||
|---|---|---|---|
| 003 | OSt | ||
| 008 | 250328b |||||||| |||| 00| 0 eng d | ||
| 041 | _aeng | ||
| 082 |
_a624.15 _bMUR/SO |
||
| 100 |
_aMurthy, V N S . _97366 |
||
| 245 | _aSoil mechanics and foundation engineering / | ||
| 250 | _a2 / | ||
| 260 |
_aDelhi : _bDhanpath Rai and sons , _c1984. |
||
| 300 | _a763 ; . | ||
| 942 | _cBK | ||
| 999 |
_c9012 _d9012 |
||